书目信息 |
| 题名: |
壮美风光的三山五岳
|
|
| 作者: | 周丽霞 编著 | |
| 分册: | ||
| 出版信息: | 北京 现代出版社 2018 |
|
| 页数: | 470页 | |
| 开本: | 24cm | |
| 丛书名: | 中华文化大博览丛书 | |
| 单 册: | ||
| 中图分类: | K928.3 | |
| 科图分类: | ||
| 主题词: | 山--shan--简介--中国 | |
| 电子资源: | ||
| ISBN: | 978-7-5143-6482-8 | |
| 000 | 01014nam 2200277 450 | |
| 001 | 012001008031 | |
| 005 | 20131021174943.0 | |
| 010 | @a978-7-5143-6482-8@dCNY128.00 | |
| 099 | @aCAL 012018132337 | |
| 100 | @a20181023d2018 em y0chiy50 ea | |
| 101 | 0 | @achi |
| 102 | @aCN@b110000 | |
| 105 | @aa z 000yy | |
| 106 | @ar | |
| 200 | 1 | @a壮美风光的三山五岳@Azhuang mei feng guang de san shan wu yue@f周丽霞编著 |
| 210 | @a北京@c现代出版社@d2018 | |
| 215 | @a470页@c彩图@d24cm | |
| 225 | 2 | @a中华文化大博览丛书@Azhong hua wen hua da bo lan cong shu |
| 330 | @a本书分栏目精要介绍了三山五岳名胜古迹、神话故事、民间传说。带你游历东岳泰山之雄,西岳华山之险,中岳嵩山之峻,北岳恒山之幽,南岳衡山之秀,领悟五岳归来不看山,黄山归来不看岳的意境。 | |
| 333 | @a旅游爱好者、青年读者及相关读者。 | |
| 410 | 0 | @12001 @a中华文化大博览丛书 |
| 606 | 0 | @a山@Ashan@x简介@y中国 |
| 690 | @aK928.3@v5 | |
| 701 | 0 | @a周丽霞@Azhou li xia@4编著 |
| 801 | 0 | @aCN@b上海新华@c20191020 |
| 905 | @b1177770-2@dK928.3@e1152@f3 | |
| 壮美风光的三山五岳/周丽霞编著.-北京:现代出版社,2018 |
| 470页:彩图;24cm.-(中华文化大博览丛书) |
| 使用对象:旅游爱好者、青年读者及相关读者。 |
| ISBN 978-7-5143-6482-8:CNY128.00 |
| 本书分栏目精要介绍了三山五岳名胜古迹、神话故事、民间传说。带你游历东岳泰山之雄,西岳华山之险,中岳嵩山之峻,北岳恒山之幽,南岳衡山之秀,领悟五岳归来不看山,黄山归来不看岳的意境。 |
| ● |
| 相关链接 |
|
|
|
|
正题名:壮美风光的三山五岳
索取号:K928.3/1152
 
预约/预借
| 序号 | 登录号 | 条形码 | 馆藏地/架位号 | 状态 | 备注 |
| 1 | 1177770 | 211777709 | 第二样本阅览室/ [索取号:K928.3/1152] | 在馆 | |
| 2 | 1177771 | 211777718 | 第二借阅区/ [索取号:K928.3/1152] | 在馆 | |
| 3 | 1177772 | 211777727 | 第二借阅区/ [索取号:K928.3/1152] | 在馆 |